000 00297nam a2200133Ia 4500
008 231129s1963||||xx |||||||||||||| ||spa||
040 _bspa
082 _aF843 P139e
100 _aPagnol Marcel
245 0 _aLa edad de los secretos
260 _c1963
264 _aJuventud
942 _2ddc
_cBKS
999 _c16908
_d16908